| 000 | 01115cam a22002773a 4500 | ||
|---|---|---|---|
| 001 | 2151 | ||
| 003 | PGUSA | ||
| 005 | 20140828083011.0 | ||
| 008 | 000401s2000||||xxu|||||s|||||000 p eng d | ||
| 040 |
_aPGUSA _beng |
||
| 042 | _adc | ||
| 050 | 4 | _aPS | |
| 100 | 1 |
_aPoe, Edgar Allan, _d1809-1849 |
|
| 245 | 1 | 4 |
_aThe Works of Edgar Allan Poe — Volume 5 _h[electronic resource] / _cEdgar Allan Poe |
| 260 |
_bProject Gutenberg, _c2000 |
||
| 505 | 0 | _aPhilosophy of furniture -- A tale of Jerusalem -- The Sphinx -- Hop-Frog -- The man of the crowd -- Never bet the Devil your head -- Thou art the man -- Why the little Frenchman wears his hand in a sling -- Bon-Bon -- Some words with a mummy -- The poetic principle -- Old English poetry -- Poems -- Poems of manhood -- Doubtful poems. | |
| 506 | _aPublic domain in the USA. | ||
| 516 | _aElectronic text | ||
| 653 | _aHorror tales, American | ||
| 653 | _aAmerican poetry | ||
| 653 | _aAmerican fiction -- 19th century | ||
| 653 | _aFantasy fiction | ||
| 830 | 0 |
_aProject Gutenberg _v2151 |
|
| 856 | 4 | 0 | _uhttp://www.gutenberg.org/ebooks/2151 |
| 942 | _cEB | ||
| 999 |
_c231489 _d231489 |
||